Nfl 2023-24 QB starters week 18 SpeedRun - Statistics

General Stats
  • This quiz has been taken 113 times
  • The average score is 20 of 32
Answer Stats
Hint Answer % Correct
Cowboys Dak Prescott
98%
Eagles Jalen Hurts
98%
Lions Jared Goff
88%
Dolphins Tua Tagovailoa
84%
Bills Josh Allen
82%
Commanders Sam Howell
80%
Buccaneers Baker Mayfield
78%
Rams Matthew Stafford
78%
49ers Brock Purdy
77%
Packers Jordan Love
77%
Panthers Bryce Young
74%
Bears Justin Fields
74%
Saints Derek Carr
73%
Cardinals Kyler Murray
71%
Falcons Desmond Ridder
70%
Ravens Lamar Jackson
70%
Seahawks Geno Smith
67%
Giants Tyrod Taylor
62%
Texans CJ Stroud
56%
Browns Joe Flacco
54%
Chiefs Patrick Mahomes
54%
Jaguars Trevor Lawrence
52%
Bengals Jake Browning
51%
Steelers Mason Rudolph
51%
Patriots Bailey Zappe
50%
Colts Gardner Minshew
46%
Titans Will Levis
39%
Chargers Easton Stick
28%
Vikings Jared Hall
28%
Raiders Aidan O'Connell
27%
Jets Trevor Siemian
23%
Broncos Jarrett Stidham
18%
No matching quizzes found
Score Distribution
Percent of People with Each Score
Percentile by Number Answered
Your Score History
You have not taken this quiz